Datum a čas kvízu
23.5
Celkem bodů
Celkový počet nahraných bodů na tomto kvízu bez doplňovacích otázek.
7.
Pořadí na kvízu
Konečné umístění týmu na tomto kvízu.
Zaznamenané odpovědi
| # | Otázka | Odpověď | Body | Výsledky |
|---|---|---|---|---|
| 1. | Senát ve středu zvolil svého p... | Miloš Vystrčil | 0 | |
| 2. | Mluvčí afghánského radikálního... | Tálibán | 1 | |
| 3. | Hit jedné norské hudební skupi... | Take On Me | 0 | |
| 4. | Minulý týden zemřel ve věku 74... | CTRL+C, CTRL+V (v angličtině též copy and paste) | 1 | |
| 5. | Zraní-li se anebo je-li vylouč... | dělá rolbaře | 1 | |
| 6. | Na tento týden připadá období... | bachyně | 1 | |
| 7. | S tímto zvláštně vypadajícím p... | (prase) bradavičnaté | 1 | |
| 8. | Již delší dobu se experimentuj... | xenotransplantace | 0 | |
| 9. | Prase je čistotné a inteligent... | D | 1 | |
| 10. | Obliba miniprasátek jako domác... | Babe | 1 |